000 00686nam a2200253Ia 4500
003 OSt
005 20220912150602.0
006 a|||||r|||| 00| 0
007 ta
008 220909b |||||||| |||| 00| 0 eng d
024 _a22690
037 _cTextual
040 _aCSL
_beng
_cCSL
041 _aeng
082 _aY70aA, L9
100 _aLeaf Murray J
245 0 _aMan, mind and science: a history of anthropology
260 _aNew York
_b Columbia University Press
_c1979
300 _axiv, 376p.
_ccm.
500 _aBibliography 337-360p.
_ccm.
650 _aAnthropology
942 _hY70aA, L9
_cTEXL
_2CC
999 _c50589
_d50589